Catálogo

LOS HUMANISMOS Y EL HOMBRE (Registro nro. 12222)

Detalles MARC
000 -LEADER
fixed length control field 00478nam a2200181 a 4500
001 - CONTROL NUMBER
control field 12222
005 - DATE AND TIME OF LATEST TRANSACTION
control field 20180713200451.0
008 - FIXED-LENGTH DATA ELEMENTS--GENERAL INFORMATION
fixed length control field 140415s1967 sp 000 0 spa d
041 ## - LANGUAGE CODE
Language code of text/sound track or separate title spa
082 ## - DEWEY DECIMAL CLASSIFICATION NUMBER
Classification number 144
Item number COR
100 1# - MAIN ENTRY--PERSONAL NAME
Personal name CORTS GRAU, JOSE
245 14 - TITLE STATEMENT
Title LOS HUMANISMOS Y EL HOMBRE
250 ## - EDITION STATEMENT
Edition statement 1a ed.
260 ## - PUBLICATION, DISTRIBUTION, ETC.
Place of publication, distribution, etc. ESPAÑA :
Name of publisher, distributor, etc. PRENSA ESPAÑOLA,
Date of publication, distribution, etc. 1967
300 ## - PHYSICAL DESCRIPTION
Extent 277
490 ## - SERIES STATEMENT
Series statement COLECCION PLINTO
Volume/sequential designation 2
650 14 - SUBJECT ADDED ENTRY--TOPICAL TERM
Topical term or geographic name entry element ANTROPOLOGIA FILOSOFICA
General subdivision HUMANISMO
Existencias
Withdrawn status Lost status Source of classification or shelving scheme Damaged status Not for loan Home library Current library Shelving location Date acquired Source of acquisition Total Checkouts Full call number Barcode Price effective from Koha item type Collection code Inventory number Date last seen Date last checked out
  No inventariado Dewey Decimal Classification     Biblioteca Karol Wojtyla Biblioteca Karol Wojtyla   03/12/2013 Compra   144 COR 4801 03/12/2013 Libro        
    Dewey Decimal Classification     Biblioteca Karol Wojtyla Biblioteca Karol Wojtyla Sala general 03/12/2013 Compra   144 COR 2809 03/12/2013 Libro General 151000000000000000061013 05/01/2026 02/05/2018